Calculus and analytic geometry / (Record no. 592394)
[ view plain ]
| 000 -LEADER | |
|---|---|
| fixed length control field | 01392pam a2200277 a 4500 |
| 001 - CONTROL NUMBER | |
| control field | 4433971 |
| 003 - CONTROL NUMBER IDENTIFIER | |
| control field | NUST |
| 005 - DATE AND TIME OF LATEST TRANSACTION | |
| control field | 20221118125719.0 |
| 008 - FIXED-LENGTH DATA ELEMENTS--GENERAL INFORMATION | |
| fixed length control field | 940720s1996 maua 001 0 eng |
| 010 ## - LIBRARY OF CONGRESS CONTROL NUMBER | |
| LC control number | 94030543 |
| 020 ## - INTERNATIONAL STANDARD BOOK NUMBER | |
| International Standard Book Number | 0201531747 |
| 040 ## - CATALOGING SOURCE | |
| Original cataloging agency | DLC |
| Transcribing agency | DLC |
| Modifying agency | DLC |
| 050 00 - LIBRARY OF CONGRESS CALL NUMBER | |
| Classification number | QA303 |
| Item number | .T42 1996 |
| 082 00 - DEWEY DECIMAL CLASSIFICATION NUMBER | |
| Classification number | 515.15,THO |
| Edition number | 20 |
| 100 1# - MAIN ENTRY--PERSONAL NAME | |
| Personal name | Thomas, George B., |
| Titles and words associated with a name | Jr. |
| Fuller form of name | (George Brinton), |
| Dates associated with a name | 1914-2006. |
| 245 10 - TITLE STATEMENT | |
| Title | Calculus and analytic geometry / |
| Statement of responsibility, etc. | George B. Thomas, Jr., Ross L. Finney ; with the collaboration of Maurice D. Weir. |
| 250 ## - EDITION STATEMENT | |
| Edition statement | 9th ed. |
| 260 ## - PUBLICATION, DISTRIBUTION, ETC. | |
| Place of publication, distribution, etc. | Reading, Mass. : |
| Name of publisher, distributor, etc. | Addison-Wesley, |
| Date of publication, distribution, etc. | c1996. |
| 300 ## - PHYSICAL DESCRIPTION | |
| Extent | 1 v. (various pagings) : |
| Other physical details | ill. (some col.) ; |
| Dimensions | 27 cm. |
| 505 ## - FORMATTED CONTENTS NOTE | |
| Formatted contents note | Preliminaries (Page-1) Limits and Continuity (Page-51) Derivatives (Page-109) Applications of Derivatives (Page-189) Integration (Page-275) Applications of Integrals (Page-365) Transcendental functions (Page-449) techniques of Integration (Page-555),Infinite Series (Page-613), Conic Sections and Polar Coordinates (Page-709), Vectors and the Geometry of Space (Page-787), Vector-Valued functions and Motion in Space (Page-855), Multiple Integrals (Page-909),Integration in Vector Fields (Page-1067), Appendices (Page-AP-1). |
| 650 00 - SUBJECT ADDED ENTRY--TOPICAL TERM | |
| Topical term or geographic name entry element | Calculus. |
| 650 00 - SUBJECT ADDED ENTRY--TOPICAL TERM | |
| Topical term or geographic name entry element | Geometry, Analytic. |
| 700 1# - ADDED ENTRY--PERSONAL NAME | |
| Personal name | Finney, Ross L. |
| 700 1# - ADDED ENTRY--PERSONAL NAME | |
| Personal name | Weir, Maurice D. |
| 9 (RLIN) | 4506 |
| 942 ## - ADDED ENTRY ELEMENTS (KOHA) | |
| Source of classification or shelving scheme | |
| Koha item type | Book |
| Call number prefix | 515.15,THO |
| Withdrawn status | Lost status | Source of classification or shelving scheme | Damaged status | Not for loan | Permanent Location | Current Location | Shelving location | Date acquired | Total Checkouts | Full call number | Barcode | Date last seen | Date last checked out | Price effective from | Koha item type | Public note |
|---|---|---|---|---|---|---|---|---|---|---|---|---|---|---|---|---|
| Military College of Signals (MCS) | Military College of Signals (MCS) | General Stacks | 11/18/2022 | 1 | 515.15,THO | MCS28135 | 11/21/2023 | 10/27/2023 | 11/18/2022 | Book | Almirah No.13, Shelf No.3 |
